[Event "POL-chT3"]
[Site "Jastrzebia Gora POL"]
[Date "2016.09.07"]
[Round "5.71"]
[White "Krasiewicz, Robert"]
[Black "Zebracki, Jaroslaw"]
[Result "1-0"]
[WhiteElo "2097"]
[BlackElo "1841"]
[EventDate "2016.09.02"]

1.d4 d5 2.Nf3 Nf6 3.e3 e6 4.Bd3 c5 5.b3 cxd4 6.exd4 Nc6 7.a3 Bd6 8.Bb2 Qc7
9.Qe2 O-O 10.Nbd2 Re8 11.Ne5 Nd7 12.Bxh7+ Kf8 13.f4 Bxe5 14.fxe5 g6 15.h4 
Kg7 16.h5 Rh8 17.hxg6 fxg6 18.Qf2 Ncxe5 19.dxe5 Qxc2 20.Qh4 Rf8 21.Qh6+ 
Kf7 22.Bxg6+ 1-0

[Event "POL-chT3"]
[Site "Jastrzebia Gora POL"]
[Date "2016.09.07"]
[Round "5.72"]
[White "Paprocka, Renata"]
[Black "Gluszko, Monika"]
[Result "0-1"]
[WhiteElo "1973"]
[BlackElo "1923"]
[EventDate "2016.09.02"]

1.d4 Nf6 2.Nf3 g6 3.c4 Bg7 4.Nc3 d5 5.Bg5 Ne4 6.cxd5 Nxg5 7.Nxg5 e6 8.Nf3 
exd5 9.e3 O-O 10.Bd3 c6 11.O-O Qe7 12.Re1 Nd7 13.Rc1 Nb6 14.h3 Be6 15.b3 
Rfd8 16.Qc2 Rac8 17.Qb1 Qb4 18.Ne2 Rc7 19.Nf4 Bc8 20.h4 Qd6 21.h5 Bg4 22.
Nh2 Bc8 23.hxg6 hxg6 24.Qc2 Kh7 25.Nh5 Bh6 26.f4 Rh8 27.Qf2 f5 28.Ng3 Kg8 
29.Nf3 Nd7 30.Kf1 Nf6 31.Ne5 Bf8 32.Ke2 Rch7 33.Rh1 Nh5 34.Nxh5 Rxh5 35.
Rxh5 Rxh5 36.Qg3 Kg7 37.Rc2 Rh1 38.Kf2 Be7 39.Nf3 Qb4 40.Re2 Qc3 41.Bc2 b6
42.b4 Qxb4 43.Re1 Bh4 44.Rxh1 Bxg3+ 45.Kxg3 Qc3 46.Bb3 Ba6 47.Re1 Bd3 48.
Kf2 Qb2+ 49.Kg3 Be4 50.Rd1 a5 51.Rd2 Qc3 52.Re2 b5 53.Ng5 Bd3 54.Rf2 Qe1 
55.Nf3 Qxe3 56.Bd1 Be4 57.Re2 Qc3 58.a4 Bxf3 59.gxf3 Qxd4 60.Bc2 bxa4 0-1

[Event "POL-chT3"]
[Site "Jastrzebia Gora POL"]
[Date "2016.09.07"]
[Round "5.73"]
[White "Banasik, Krzysztof"]
[Black "Kumala, Aleksander"]
[Result "1/2-1/2"]
[WhiteElo "2253"]
[BlackElo "2211"]
[EventDate "2016.09.02"]

1.e4 Nf6 2.Nc3 e5 3.Bc4 Nc6 4.d3 Bb4 5.Bg5 h6 6.Bd2 Bxc3 7.Bxc3 d5 8.exd5 
Nxd5 9.Qf3 Be6 10.Bb5 Qd6 11.Ne2 Ne7 12.d4 exd4 13.Nxd4 Bd5 14.Qh3 Qe5+ 
15.Qe3 Qxe3+ 16.fxe3 f6 17.O-O O-O-O 18.Bd3 Ne5 19.Nf5 Nxf5 20.Bxf5+ Kb8 
21.b3 Rhe8 22.Rad1 Bc6 23.Rxd8+ Rxd8 24.Bd4 Nf7 25.Rf4 Nd6 26.Bg6 b6 27.
Kf2 Rd7 28.c4 Re7 29.c5 Ne4+ 30.Bxe4 Rxe4 31.cxb6 1/2-1/2

[Event "POL-chT3"]
[Site "Jastrzebia Gora POL"]
[Date "2016.09.07"]
[Round "5.74"]
[White "Kasperek, Ryszard"]
[Black "Tustanowski, Robert"]
[Result "0-1"]
[WhiteElo "2160"]
[BlackElo "2211"]
[EventDate "2016.09.02"]

1.e4 e5 2.Nf3 Nc6 3.Nc3 d6 4.d4 Be7 5.Bb5 exd4 6.Qxd4 Bf6 7.Qc4 Bd7 8.Bf4 
Bxc3+ 9.Qxc3 Qf6 10.Bd2 Qxc3 11.Bxc3 f6 12.O-O-O Nge7 13.h4 h5 14.Nd2 Ng6 
15.Nf1 a6 16.Bc4 Nce5 17.Bd5 O-O-O 18.Ne3 Nf4 19.Rhe1 Nxd5 20.Nxd5 Rde8 
21.Re3 Ng4 22.Re2 Bb5 23.Red2 Bc6 24.Re1 Bxd5 25.Rxd5 Nxf2 26.Rd4 Rh6 27.
Re2 Ng4 28.Rd5 Ne5 29.Re3 Ng4 30.Re2 Re6 31.Bd2 Rh8 32.Bf4 g6 33.c4 Rhe8 
34.b3 Rxe4 35.Rxe4 Rxe4 36.g3 b6 37.Kd2 Kd7 38.Kc3 Ne5 39.Rd2 Ke6 40.Rf2 
b5 41.Bxe5 Kxe5 42.Kb4 c5+ 43.Ka5 bxc4 44.bxc4 Rxc4 45.Kxa6 Rb4 46.Re2+ 
Kd5 47.Ka5 Rb8 48.Ka6 c4 49.a4 c3 50.a5 Rb2 0-1

[Event "POL-chT3"]
[Site "Jastrzebia Gora POL"]
[Date "2016.09.07"]
[Round "5.75"]
[White "Siekaniec, Jan"]
[Black "Puczylowski, Marcin"]
[Result "1-0"]
[WhiteElo "2076"]
[BlackElo "2101"]
[EventDate "2016.09.02"]

1.e4 e5 2.Nf3 Nc6 3.Bc4 Bc5 4.d3 Nf6 5.Bb3 d6 6.O-O O-O 7.c3 Bb6 8.Nbd2 
Ne7 9.Nc4 Ng6 10.Nxb6 axb6 11.Re1 Qe7 12.Bc2 h6 13.d4 Rd8 14.h3 Nh7 15.a3 
Nhf8 16.Kh2 Qf6 17.Be3 Nf4 18.Ng1 Nh7 19.g3 Ne6 20.Qd2 c5 21.d5 Nc7 22.f4 
Qe7 23.Nf3 Nf8 24.Rf1 Qd7 25.Qg2 Re8 26.Rae1 b5 27.fxe5 b4 28.exd6 Qxd6 
29.Bf4 Qb6 30.axb4 cxb4 31.c4 Na6 32.Be3 Qc7 33.Nd2 Nc5 34.Qf2 b6 35.Bd4 
Qd7 36.Qg2 f6 37.Nf3 Ba6 38.b3 Rac8 39.e5 f5 40.e6 Qe7 41.Nd2 Bb7 42.Qf2 
Qg5 43.h4 Qh5 44.Qxf5 Qxf5 45.Bxf5 Nxb3 46.Nxb3 Rxc4 47.e7 Nh7 48.Be6+ Kh8
49.d6 1-0

[Event "POL-chT3"]
[Site "Jastrzebia Gora POL"]
[Date "2016.09.07"]
[Round "5.76"]
[White "Kanarkiewicz, Michal"]
[Black "Wrobel, Maciej"]
[Result "1/2-1/2"]
[WhiteElo "2016"]
[BlackElo "2046"]
[EventDate "2016.09.02"]

1.e4 e5 2.Nf3 Nc6 3.Bb5 a6 4.Ba4 Nf6 5.O-O Be7 6.Re1 b5 7.Bb3 O-O 8.c3 d5 
9.d3 dxe4 10.dxe4 Qxd1 11.Bxd1 Bg4 12.Bg5 Rad8 13.Nbd2 h6 14.Be3 Rd7 15.
Bc2 Rfd8 16.h3 Bh5 17.Re2 a5 18.g4 Bg6 19.Kg2 h5 20.Kg3 Ne8 21.Nh4 Bxh4+ 
22.Kxh4 hxg4 23.hxg4 Nd6 24.Kg3 f6 25.Bb3+ Bf7 26.f3 Bxb3 27.axb3 Kf7 28.
Bc5 Nf5+ 29.gxf5 Rxd2 30.Rae1 Rxe2 31.Rxe2 1/2-1/2

[Event "POL-chT3"]
[Site "Jastrzebia Gora POL"]
[Date "2016.09.07"]
[Round "5.77"]
[White "Tustanowski, Mateusz"]
[Black "Zurkowski, Andrzej"]
[Result "1-0"]
[WhiteElo "1921"]
[BlackElo "2073"]
[EventDate "2016.09.02"]

1.e4 Nf6 2.e5 Nd5 3.d4 d6 4.c4 Nb6 5.f4 g6 6.Nc3 Bg7 7.Be3 O-O 8.c5 N6d7 
9.Nf3 a5 10.Bc4 e6 11.d5 exd5 12.Qxd5 dxe5 13.Ng5 c6 14.Qxf7+ Rxf7 15.Nxf7
Qh4+ 16.g3 Qh5 17.g4 Nb6 18.Nh6+ Kf8 19.gxh5 Nxc4 20.Bc1 exf4 21.Bxf4 Nxb2
22.O-O Bf5 23.Bd6+ Ke8 24.Rae1+ Kd8 25.Nf7+ 1-0

[Event "POL-chT3"]
[Site "Jastrzebia Gora POL"]
[Date "2016.09.07"]
[Round "5.78"]
[White "Murawko, Katarzyna"]
[Black "Buksa, Ewelina"]
[Result "1-0"]
[WhiteElo "2031"]
[BlackElo "1684"]
[EventDate "2016.09.02"]

1.e4 e5 2.Nf3 Nc6 3.Bb5 Nf6 4.d3 Bc5 5.c3 d6 6.O-O O-O 7.Nbd2 Ne7 8.d4 
exd4 9.cxd4 Bb6 10.h3 c6 11.Bd3 Ng6 12.Nb3 Re8 13.Re1 h6 14.Bd2 Be6 15.Qc2
Nh5 16.Qc1 Nh4 17.Nxh4 Qxh4 18.Be3 Rad8 19.Nd2 Nf4 20.Bf1 Nh5 21.g4 Bxg4 
22.hxg4 Qxg4+ 23.Bg2 Bxd4 24.Qd1 Qxd1 25.Raxd1 Bxe3 26.Rxe3 Re6 27.Nb3 Nf4
28.Bf3 Ree8 29.Na5 Re7 30.Rb3 Rdd7 31.Bg4 Rc7 32.Rxd6 g6 33.Bf3 Kg7 34.Kh2
Ne6 35.Rbd3 Nc5 36.R3d4 Ne6 37.Rc4 Ng5 38.Bg2 Ne6 39.Kg3 g5 40.Bh3 Nf4 41.
Bf5 Re5 42.b4 Rce7 43.Nb3 h5 44.Nc5 Ne2+ 45.Kf3 g4+ 46.Kxe2 Rxf5 47.Ne6+ 
fxe6 48.exf5 exf5+ 49.Kf1 h4 50.Kg2 1-0

[Event "POL-chT3"]
[Site "Jastrzebia Gora POL"]
[Date "2016.09.07"]
[Round "5.79"]
[White "Sapis, Witalis"]
[Black "Grajczak, Adrian"]
[Result "1-0"]
[WhiteElo "2389"]
[BlackElo "2022"]
[EventDate "2016.09.02"]

1.d4 d6 2.Nf3 Nd7 3.g3 e5 4.Bg2 e4 5.Ng5 d5 6.c4 Bb4+ 7.Nc3 h6 8.Nh3 dxc4 
9.Bxe4 Ngf6 10.Bg2 O-O 11.O-O Nb6 12.e3 c6 13.a3 Bxc3 14.bxc3 Bf5 15.f3 
Qd7 16.Nf2 g5 17.e4 Bg6 18.f4 gxf4 19.gxf4 Bh5 20.Qd2 Ng4 21.f5 Nxf2 22.
Qxh6 f6 23.Qxh5 Nd3 24.Rf3 Qh7 25.Bh6 Rf7 26.Rh3 Rg7 27.Qf3 Kf7 28.Bxg7 
Qxg7 29.Qh5+ Ke7 30.Rg3 Qf7 31.Qxf7+ Kxf7 32.Rb1 Rb8 33.Bf1 Nf4 34.a4 Nxa4
35.Bxc4+ Ke7 36.e5 Nh5 37.Rh3 Nb6 38.Rxb6 axb6 39.Rxh5 1-0

[Event "POL-chT3"]
[Site "Jastrzebia Gora POL"]
[Date "2016.09.07"]
[Round "5.80"]
[White "Brylowski, Marian"]
[Black "Karwowski, Kacper"]
[Result "0-1"]
[WhiteElo "2051"]
[BlackElo "2245"]
[EventDate "2016.09.02"]

1.e4 c5 2.Nf3 d6 3.d4 Nf6 4.Nc3 cxd4 5.Nxd4 a6 6.Be2 e5 7.Nb3 Be7 8.O-O 
O-O 9.Be3 Qc7 10.f4 b5 11.a3 Bb7 12.Bf3 Nbd7 13.Qe1 Rfe8 14.f5 d5 15.exd5 
e4 16.Be2 Bd6 17.Qh4 Bxd5 18.Nd4 Bc4 19.Rad1 Bxe2 20.Ncxe2 Bxh2+ 21.Kh1 
Be5 22.Nc3 Bxd4 23.Bxd4 Qc6 24.Rf4 Re7 25.Re1 Rae8 26.Qf2 Ne5 27.Qh4 h5 
28.Nxe4 Neg4 29.Nxf6+ Qxf6 30.Rxg4 Rxe1+ 31.Kh2 Qxh4+ 32.Rxh4 R1e4 33.Rxe4
Rxe4 34.Bc3 Re2 35.Kh3 Rxc2 36.g3 f6 37.g4 hxg4+ 38.Kxg4 Rf2 39.Bd4 Rf1 
40.Be3 Kf7 41.Bc5 Ke8 42.Bb4 Kd7 0-1

[Event "POL-chT3"]
[Site "Jastrzebia Gora POL"]
[Date "2016.09.07"]
[Round "5.81"]
[White "Rudnicki, Milosz"]
[Black "Brylowski, Stefan"]
[Result "1-0"]
[WhiteElo "2199"]
[BlackElo "1900"]
[EventDate "2016.09.02"]

1.e4 e5 2.Nf3 Nc6 3.Bb5 a6 4.Ba4 Nf6 5.O-O Be7 6.Re1 d6 7.c3 Bd7 8.d4 O-O 
9.Nbd2 Re8 10.d5 Nb8 11.c4 c6 12.b4 cxd5 13.cxd5 Bxa4 14.Qxa4 Nbd7 15.Bb2 
b5 16.Qa3 Nb6 17.Rac1 Qd7 18.Rc6 Na4 19.Nc4 Rec8 20.Na5 Bd8 21.Rxc8 Rxc8 
22.Nc6 Bb6 23.h3 Rxc6 24.dxc6 Qxc6 25.Nd2 h6 26.Qb3 Nh5 27.Nf1 Nf4 28.Bc1 
Ne6 29.Qd3 Nc3 30.Bd2 Na4 31.Rc1 Qd7 32.Be3 Nd4 33.Bxd4 Bxd4 34.Ne3 Qe6 
35.Nf5 Bb6 36.Rc2 g6 37.Nxh6+ Kg7 38.Ng4 Bd4 39.Qb3 Qxb3 40.axb3 Nc3 41.
Ne3 Kf8 42.Kf1 Ke8 43.f3 Bxe3 44.Rxc3 Bd2 45.Rc6 Bxb4 46.Rxa6 Bc5 47.b4 
Bxb4 48.Rb6 Bc5 49.Rxb5 Ke7 50.h4 Be3 51.g4 Ke6 52.Kg2 Kf6 53.Rd5 Ke6 54.
Rd3 Bc5 55.Kg3 Kf6 56.Rd1 Bb4 57.f4 exf4+ 58.Kxf4 g5+ 59.hxg5+ Kg6 60.Rd5 
Ba3 61.Ke3 Bc1+ 62.Kd3 Bf4 63.Rf5 Bxg5 64.Kd4 Bf6+ 65.Kd5 Be5 66.g5 Bg3 
67.Kc6 Bh4 68.Kxd6 Bxg5 69.Kd7 Bh4 70.Ke8 f6 71.Ke7 Bg5 72.Ke6 Bh4 73.Rf1 
Kg7 74.Rg1+ Bg5 75.e5 1-0

[Event "POL-chT3"]
[Site "Jastrzebia Gora POL"]
[Date "2016.09.07"]
[Round "5.82"]
[White "Aleksandrowicz, Marek"]
[Black "Kowalski, Maciej"]
[Result "0-1"]
[WhiteElo "1947"]
[BlackElo "2021"]
[EventDate "2016.09.02"]

1.e4 c5 2.Nf3 Nc6 3.Bb5 e6 4.Bxc6 bxc6 5.b3 d5 6.Nc3 Nf6 7.Qe2 Be7 8.O-O 
O-O 9.d3 Qc7 10.e5 Nd7 11.Re1 f6 12.exf6 Bxf6 13.Ng5 Nb6 14.Bd2 e5 15.Rad1
Bd7 16.a4 Rae8 17.h3 Nc8 18.Qf1 Nd6 19.Ne2 Nf5 20.Nf3 Qc8 21.Kh2 e4 22.
dxe4 dxe4 23.Nfg1 Be5+ 24.Bf4 Qc7 25.g3 Bxf4 26.Nxf4 g5 27.Qc4+ Rf7 28.
Nfe2 e3 29.f3 h5 30.Rf1 h4 31.f4 hxg3+ 32.Nxg3 Nxg3 33.Kxg3 Be6 34.Qe4 
gxf4+ 35.Rxf4 Rg7+ 36.Kf3 Bd5 37.Rxd5 Rxe4 0-1

[Event "POL-chT3"]
[Site "Jastrzebia Gora POL"]
[Date "2016.09.07"]
[Round "5.83"]
[White "Wacior, Maciej"]
[Black "Pelowski, Zdzislaw"]
[Result "1-0"]
[WhiteElo "1986"]
[BlackElo "1761"]
[EventDate "2016.09.02"]

1.d4 c6 2.Nf3 d5 3.Bf4 Nf6 4.e3 Bg4 5.Be2 e6 6.c3 Bd6 7.Bg3 Bxf3 8.Bxf3 
Bxg3 9.hxg3 Qb6 10.Qc2 Nbd7 11.Nd2 e5 12.g4 e4 13.Be2 g6 14.f3 exf3 15.
gxf3 h5 16.e4 O-O-O 17.e5 Ne8 18.gxh5 gxh5 19.O-O-O Ng7 20.f4 Rdg8 21.f5 
Nf8 22.f6 Nge6 23.Bxh5 Qc7 24.Bf3 Ng6 25.Rxh8 Rxh8 26.Nf1 Qd8 27.Ne3 Qg8 
28.Nf5 Kc7 29.Rg1 Rh3 30.Ne7 Qh7 31.Nxg6 Rxf3 32.Ne7 Qh6+ 33.Kb1 Qe3 34.
Rd1 Ng5 35.Qa4 Qe2 36.Rc1 Rf2 37.Qa5+ Kd7 38.Qb4 Qb5 39.Qd6+ Ke8 40.Qb8+ 
1-0

[Event "POL-chT3"]
[Site "Jastrzebia Gora POL"]
[Date "2016.09.07"]
[Round "5.84"]
[White "Buchta, Agnieszka"]
[Black "Antolak, Julia"]
[Result "0-1"]
[WhiteElo "1611"]
[BlackElo "2133"]
[EventDate "2016.09.02"]

1.e4 c5 2.c3 d5 3.exd5 Qxd5 4.d4 Nc6 5.Nf3 Bf5 6.Be2 cxd4 7.cxd4 Bxb1 8.
Rxb1 e6 9.a3 Nf6 10.h3 Be7 11.O-O O-O 12.b4 Ne4 13.Qd3 Rfd8 14.Rd1 Bf6 15.
Be3 Qf5 16.Qb3 Ng5 17.Nxg5 Bxg5 18.Bd3 Qf6 19.Be4 Nxd4 20.Bxd4 Rxd4 21.
Rxd4 Qxd4 22.Bxb7 Rd8 23.Bf3 Bh4 24.Qc2 Qd2 25.Qxd2 Rxd2 26.g3 Bf6 27.Rb3 
Bd4 28.Kf1 Rxf2+ 29.Ke1 g6 30.a4 e5 31.Bc6 Rc2 32.Be4 Rc3 33.Bd5 Kg7 34.
Ke2 f5 35.Rxc3 Bxc3 36.b5 h6 37.Kd3 Be1 38.g4 Kf6 39.Bc6 0-1

[Event "POL-chT3"]
[Site "Jastrzebia Gora POL"]
[Date "2016.09.07"]
[Round "5.85"]
[White "Zakrzewski, Marek"]
[Black "Markiewicz, Jerzy"]
[Result "1-0"]
[WhiteElo "2233"]
[BlackElo "2237"]
[EventDate "2016.09.02"]

1.e4 c5 2.Nf3 e6 3.d4 cxd4 4.Nxd4 Nc6 5.Nc3 Qc7 6.f4 a6 7.Nxc6 Qxc6 8.Bd3 
b5 9.Qe2 Bb7 10.Bd2 b4 11.Nd5 Nf6 12.Nxf6+ gxf6 13.O-O-O h5 14.Kb1 Bc5 15.
Rhe1 Qb6 16.Bc4 a5 17.Qd3 Bc6 18.f5 e5 19.Qg3 O-O-O 20.Qg7 Rhg8 21.Qxf6 
Bd4 22.Bg5 Qc5 23.Bd3 a4 24.h4 a3 25.Qxf7 d5 26.Qe6+ 1-0

[Event "POL-chT3"]
[Site "Jastrzebia Gora POL"]
[Date "2016.09.07"]
[Round "5.86"]
[White "Zaskalski, Arkadiusz"]
[Black "Niekras, Dawid"]
[Result "1/2-1/2"]
[WhiteElo "2142"]
[BlackElo "2326"]
[EventDate "2016.09.02"]

1.c4 Nf6 2.Nf3 g6 3.g3 Bg7 4.Bg2 O-O 5.Nc3 d6 6.d4 Nc6 7.O-O a6 8.d5 Na5 
9.Qd3 c5 10.dxc6 Nxc6 11.e4 Bg4 12.Nd5 Bxf3 13.Qxf3 Rc8 14.Ne3 Nd7 15.Bh3 
e6 16.Qd1 Nc5 17.Bg2 a5 18.Rb1 Qb6 19.b3 Nb4 20.Qe2 Rfd8 21.Rd1 Ra8 22.Bb2
Bxb2 23.Rxb2 a4 24.a3 Nc6 25.b4 Nb3 26.f4 Qc7 27.Qf2 Qe7 28.Rbb1 Rac8 29.
Bf1 h5 30.g4 hxg4 31.Nxg4 f5 32.exf5 gxf5 33.Ne3 Kf7 34.Rd3 Rh8 35.Bg2 
Rhd8 36.Rbd1 1/2-1/2

[Event "POL-chT3"]
[Site "Jastrzebia Gora POL"]
[Date "2016.09.07"]
[Round "5.87"]
[White "Bajerlein, Dawid"]
[Black "Augustyn, Sebastian"]
[Result "0-1"]
[WhiteElo "2104"]
[BlackElo "2116"]
[EventDate "2016.09.02"]

1.d4 c5 2.d5 e5 3.e4 d6 4.Nc3 a6 5.a4 Be7 6.Be2 Bg5 7.Nf3 Bxc1 8.Qxc1 Ne7 
9.Nd2 O-O 10.O-O Ng6 11.g3 Bh3 12.Re1 f5 13.exf5 Rxf5 14.Bd3 Rh5 15.Bxg6 
hxg6 16.Nc4 Qf8 17.Qd1 Nd7 18.Ne4 Nf6 19.f3 Nxe4 20.fxe4 Qf6 21.Qe2 Rf8 
22.Ne3 Qg5 23.Ng2 Rh8 24.Rf1 Kh7 25.Rf2 Rf6 26.Raf1 Rhf8 27.Rxf6 Rxf6 28.
Rxf6 gxf6 29.Ne3 f5 30.Qf3 f4 31.Nc4 Bg4 32.Qf2 Qf6 33.Nd2 g5 34.Kg2 Qh6 
35.h4 gxh4 36.gxh4 Bd1 37.Nc4 b5 38.axb5 axb5 39.Na3 Qg6+ 40.Kh2 Qxe4 41.
Nxb5 Qxd5 42.Nc3 Qf3 43.Qxf3 Bxf3 44.Nb5 d5 45.Nc7 c4 46.c3 Kg6 47.Kg1 Kh5
48.Kf2 Be4 49.Ne8 Kxh4 50.Nf6 Kg5 51.Nd7 Kf5 52.Nc5 d4 53.Ke2 d3+ 54.Kd2 
Bd5 55.b4 e4 56.b5 e3+ 57.Ke1 d2+ 58.Ke2 Bf3+ 0-1

[Event "POL-chT3"]
[Site "Jastrzebia Gora POL"]
[Date "2016.09.07"]
[Round "5.88"]
[White "Markiewicz, Mateusz"]
[Black "Bernat, Marcin"]
[Result "1/2-1/2"]
[WhiteElo "2044"]
[BlackElo "2068"]
[EventDate "2016.09.02"]

1.e4 e6 2.d4 d5 3.Nc3 Nf6 4.e5 Nfd7 5.f4 c5 6.Nf3 Nc6 7.Be3 cxd4 8.Nxd4 
Bc5 9.Qd2 Nxd4 10.Bxd4 Bxd4 11.Qxd4 Qb6 12.Qxb6 Nxb6 13.O-O-O Bd7 14.b3 
Rc8 15.Kb2 Ke7 16.Bd3 h5 17.Ne2 g6 18.Nd4 Bc6 19.a4 a5 20.g3 Nd7 21.h3 
Rcg8 22.Rdg1 g5 23.h4 gxf4 24.gxf4 Rg4 25.Rf1 f6 26.exf6+ Nxf6 27.Re1 Rxf4
28.Nxe6 Rf2 29.Ng5+ Kd7 30.Rhf1 Rxf1 31.Rxf1 Ne4 32.Rf5 Nxg5 33.Rxg5 Ke6 
34.Be2 Rf8 35.Bxh5 Rf4 36.Rg4 Rf2 37.Bg6 Kf6 38.h5 Bd7 39.Rd4 Be6 40.b4 b6
41.Rh4 Kg5 42.Rh1 Kh6 43.Re1 Rf6 44.Re5 axb4 45.Kb3 Bd7 46.Re7 Bc6 47.Rf7 
Rxf7 48.Bxf7 d4 49.Bg6 Kg5 50.Kxb4 Kh6 51.a5 bxa5+ 52.Kxa5 Bf3 53.Kb4 Bd1 
54.Kb3 1/2-1/2

[Event "POL-chT3"]
[Site "Jastrzebia Gora POL"]
[Date "2016.09.07"]
[Round "5.89"]
[White "Rozumek, Krzysztof"]
[Black "Tatarczany, Piotr"]
[Result "1-0"]
[WhiteElo "2010"]
[BlackElo "1528"]
[EventDate "2016.09.02"]

1.h3 d5 2.c3 Nf6 3.d4 Bf5 4.Bf4 c6 5.e3 e6 6.Bd3 Bxd3 7.Qxd3 h6 8.Nd2 Bd6 
9.Ne2 Bxf4 10.exf4 Nbd7 11.O-O O-O 12.Rfe1 Rc8 13.Ng3 Re8 14.Nf3 Qc7 15.
Ne5 c5 16.Re2 cxd4 17.Qxd4 a6 18.Rae1 Qc5 19.Qd3 Qc7 20.Nxd7 Qxd7 21.f5 
Rc6 22.Qf3 Rcc8 23.Re5 exf5 24.Nxf5 Rxe5 25.Rxe5 Re8 26.Nxh6+ Kf8 27.Ng4 
Rxe5 28.Nxe5 Qe6 29.Qe3 b5 30.Qd4 Kg8 31.a3 Ne4 32.Ng4 Kh8 33.Ne3 Nf6 34.
f3 Kg8 35.Kf2 Qd6 36.Nf5 Qe6 37.Qf4 g6 38.Nd4 Qb6 39.g4 Kg7 40.Qe5 Kg8 41.
h4 a5 42.h5 b4 43.axb4 axb4 44.hxg6 bxc3 45.gxf7+ Kxf7 46.bxc3 Qb2+ 47.Ne2
Qd2 48.Qf5 Kg7 49.Qf4 Qa2 50.Qd4 Kf7 51.Qe5 Qd2 52.Qe3 Qa2 53.Kg3 Qa6 54.
Nf4 Qd6 55.Qd4 Qc7 56.g5 Nd7 57.g6+ Kf8 58.Qh8+ Ke7 59.Qg7+ Ke8 60.Qf7+ 
Kd8 1-0

[Event "POL-chT3"]
[Site "Jastrzebia Gora POL"]
[Date "2016.09.07"]
[Round "5.90"]
[White "Jalowiec, Halina"]
[Black "Kupsik, Joanna"]
[Result "1-0"]
[WhiteElo "1932"]
[BlackElo "1719"]
[EventDate "2016.09.02"]

1.Nf3 d5 2.e3 Nf6 3.c4 e6 4.Nc3 Be7 5.d4 b6 6.cxd5 Nxd5 7.e4 Nxc3 8.bxc3 
Bb7 9.Bd3 O-O 10.O-O c5 11.Qe2 Nc6 12.Bb2 Qc7 13.Rac1 Rfd8 14.Rfd1 Rac8 
15.d5 Ne5 16.Nxe5 Qxe5 17.c4 Qf4 18.g3 Qc7 19.Qg4 Bf8 20.dxe6 fxe6 21.
Qxe6+ Qf7 22.Qxf7+ Kxf7 23.f3 g6 24.Kf2 Bg7 25.e5 Ke6 26.Bf1 Ke7 27.Bh3 
Rxd1 28.Rxd1 Rd8 29.Rxd8 Kxd8 30.Be6 Ke7 31.Bg8 h6 32.f4 Be4 33.Ke3 Bf5 
34.Bd5 g5 35.Be4 Bg4 36.f5 Kd8 37.f6 Bf8 38.Bd5 Kd7 39.Ke4 h5 40.Bc1 Bh3 
41.Bxg5 Bg4 42.Kf4 Bh3 43.Ke3 Bf5 44.Bf4 Bh3 45.a3 Bf5 46.Kf3 Bg4+ 47.Kg2 
a6 48.Bb7 b5 49.Bxa6 b4 50.Bb5+ Ke6 51.axb4 cxb4 52.Ba4 Bc5 53.Bb3 Be2 54.
Kh3 Bf3 55.Kh4 Be2 56.Kg5 Kf7 57.h3 Bf3 58.Kf5 Be2 59.e6+ Kg8 60.g4 hxg4 
61.hxg4 Bd3+ 62.Ke5 Be2 63.g5 Bg4 64.g6 Bh5 65.Kf5 Be2 66.e7 1-0

[Event "POL-chT3"]
[Site "Jastrzebia Gora POL"]
[Date "2016.09.07"]
[Round "5.91"]
[White "Banach, Szymon"]
[Black "Dors, Ryszard"]
[Result "0-1"]
[WhiteElo "1996"]
[BlackElo "2167"]
[EventDate "2016.09.02"]

1.e4 c6 2.d4 d5 3.e5 Bf5 4.Nc3 h5 5.Bd3 Bxd3 6.Qxd3 e6 7.Nge2 Nh6 8.Bd2 a6
9.O-O-O b5 10.f4 b4 11.Na4 Nd7 12.h3 h4 13.f5 Nxf5 14.Rdf1 g6 15.g4 hxg3 
16.Nxg3 Qa5 17.Nxf5 gxf5 18.b3 c5 19.dxc5 Nxc5 20.Nxc5 Bxc5 21.Kb1 Qb6 22.
h4 a5 23.h5 Bd4 24.Rh4 Bxe5 25.Re1 Bf6 26.Rf4 Kf8 27.c3 bxc3 28.Bxc3 Bxc3 
29.Qxc3 Rxh5 30.Rc1 Rh2 31.Qe5 Qb8 32.Qe3 Qd6 33.Qg3 Rh5 34.Qf3 Rh7 35.Qe3
Rd8 36.Rf2 d4 37.Qg5 Rg7 38.Qh6 Qg3 39.Rh2 d3 40.Qf6 Re8 41.Rch1 Rg8 42.
Rh8 Qg7 43.Rxg8+ Kxg8 44.Qh4 Kf8 45.Qc4 Qe5 46.Qh4 Qe4 47.Qh6+ Ke7 48.Qg5+
Kd6 49.Rd1 Ke5 50.Qg7+ Kd6 51.Qc3 Ke7 52.Rxd3 e5 53.Kb2 Kf6 54.Qd2 f4 55.
Rd7 Qf5 56.Qd6+ Qe6 57.Qd1 Kg7 58.Rd5 Qf6 59.Rd6 Re6 60.Rd5 f3 61.Qg1+ Qg6
62.Qe3 Qg3 63.Rd1 Rg6 64.Rf1 e4 65.Qd4+ f6 66.Ka3 Qg2 67.Rf2 Qg1 68.Qd7+ 
Kh6 69.Qh3+ Kg5 70.Rh2 Qc5+ 71.Kb2 Qd4+ 72.Ka3 Qb4+ 73.Kb2 Kf4 74.Qh4+ Kf5
75.Qh5+ Rg5 76.Qh3+ Kf4 77.Qh4+ Ke3 78.Qf2+ Kf4 79.a3 Qd6 80.Qh4+ Ke5 81.
Rc2 Qd4+ 82.Ka2 Qg1 83.Qh8 Kf5 84.Qc8+ Kf4 85.Qc7+ Kg4 86.Qh7 f5 87.Rh2 f2
88.Rh3 Qg3 89.Rxg3+ Kxg3 90.Qh1 e3 91.Qf1 f4 92.Qd3 Kh2 93.Qe2 Kg1 0-1

[Event "POL-chT3"]
[Site "Jastrzebia Gora POL"]
[Date "2016.09.07"]
[Round "5.92"]
[White "Janiszewski, Maciej"]
[Black "Nowak, Rafal"]
[Result "1-0"]
[WhiteElo "2129"]
[BlackElo "2050"]
[EventDate "2016.09.02"]

1.Nf3 c5 2.c4 Nf6 3.g3 d5 4.cxd5 Nxd5 5.Bg2 Nc6 6.d4 Bf5 7.a3 Nf6 8.dxc5 
Qxd1+ 9.Kxd1 e6 10.Be3 Ng4 11.b4 a5 12.b5 Nxe3+ 13.fxe3 O-O-O+ 14.Nbd2 Na7
15.Nd4 Bxc5 16.Rc1 b6 17.N2b3 Nxb5 18.Nxc5 Nxd4 19.Nd3+ Kb8 20.exd4 Rxd4 
21.Kd2 e5 22.Ke3 f6 23.Rc6 1-0

[Event "POL-chT3"]
[Site "Jastrzebia Gora POL"]
[Date "2016.09.07"]
[Round "5.93"]
[White "Banach, Wieslaw"]
[Black "Sek, Joachim"]
[Result "1-0"]
[WhiteElo "2038"]
[BlackElo "2054"]
[EventDate "2016.09.02"]

1.e4 e6 2.d4 d5 3.e5 c5 4.c3 Nc6 5.Nf3 Qb6 6.a3 c4 7.Nbd2 Na5 8.g3 Bd7 9.
Bh3 h6 10.O-O Ne7 11.Ne1 g6 12.Ng2 Bg7 13.Ne3 O-O-O 14.Rb1 h5 15.f4 Bh6 
16.Rf2 Rdg8 17.Nf3 Nb3 18.Kh1 h4 19.Nxh4 g5 20.fxg5 Bxg5 21.Rxf7 Bxh4 22.
gxh4 Rxh4 23.Bg4 Rgh8 24.Nf1 Nxc1 25.Rxc1 Qxb2 26.Rc2 Qxa3 27.Qf3 Nf5 28.
Rg2 Nh6 29.Rxd7 Kxd7 30.Qxd5+ Kc7 31.Bxe6 Qe7 32.Rg7 1-0

[Event "POL-chT3"]
[Site "Jastrzebia Gora POL"]
[Date "2016.09.07"]
[Round "5.94"]
[White "Pochcial, Jan"]
[Black "Zurawski, Kamil"]
[Result "1-0"]
[WhiteElo "2009"]
[BlackElo "1648"]
[EventDate "2016.09.02"]

1.e4 c5 2.Nf3 Nc6 3.Bb5 d6 4.O-O Bd7 5.Re1 e5 6.c3 Be7 7.d4 cxd4 8.cxd4 
Nf6 9.Nc3 exd4 10.Nxd4 Nxd4 11.Qxd4 O-O 12.Bf4 a6 13.Bxd7 Qxd7 14.Rad1 
Rfd8 15.e5 dxe5 16.Qxe5 Qe6 17.Rxd8+ Rxd8 18.Qxe6 fxe6 19.Rxe6 Kf7 20.Rb6 
Nd5 21.Nxd5 Rxd5 22.Kf1 Rd7 23.Ke2 Bc5 24.Rb3 b5 25.Rc3 Rd5 26.b3 Ke6 27.
g4 h6 28.h4 Kf6 29.h5 Ke6 30.f3 a5 31.Rd3 Rxd3 32.Kxd3 Kd5 33.Be3 Be7 34.
Bd4 Bf8 35.a4 Kc6 36.Ke4 bxa4 37.bxa4 Kd7 38.Kf4 1-0

[Event "POL-chT3"]
[Site "Jastrzebia Gora POL"]
[Date "2016.09.07"]
[Round "5.95"]
[White "Butyrowski, Marcel"]
[Black "Panczyszyn, Wiktor"]
[Result "0-1"]
[WhiteElo "1776"]
[BlackElo "1919"]
[EventDate "2016.09.02"]

1.Nf3 Nf6 2.c4 g6 3.g3 Bg7 4.d4 d6 5.Bg2 O-O 6.O-O Nbd7 7.Nc3 e5 8.e4 exd4
9.Nxd4 Re8 10.h3 Nc5 11.Re1 c6 12.Bf4 Nh5 13.Be3 a5 14.Qd2 a4 15.Rad1 Qa5 
16.Nde2 Qb4 17.g4 Nf6 18.Qxd6 Nfd7 19.Bd4 Bf8 20.Qg3 Qxc4 21.Nf4 Ne6 22.
Bf1 Qb4 23.Nxe6 Rxe6 24.Rd2 a3 25.Rb1 Bd6 26.f4 Bc5 27.Qf2 b5 28.bxa3 Qxa3
29.Rb3 Qa7 30.f5 Re8 31.Bg2 Bxd4 32.Rxd4 Ne5 33.a4 b4 34.Rdxb4 Qxf2+ 35.
Kxf2 Nd3+ 36.Kg3 Nxb4 37.Rxb4 Ba6 38.Kf4 f6 39.Rb6 g5+ 40.Ke3 Red8 41.Rxc6
Rd3+ 42.Kf2 Rd2+ 43.Kg1 Rc2 44.Nd5 Rxc6 45.Ne7+ Kf8 46.Nxc6 Bb7 47.Nb4 
Rxa4 48.Nd5 Bxd5 49.exd5 Ke7 50.Kf2 Kd6 51.Ke3 Ke5 52.Kd3 Ra2 53.Bf1 Rf2 
54.Be2 Kxd5 55.Ke3 Rh2 56.Bf1 Ke5 57.Kf3 Rb2 58.Bc4 Rc2 59.Bg8 Rc3+ 60.Kg2
Kf4 61.Bxh7 Rc2+ 62.Kf1 Kf3 63.Ke1 Rh2 64.Bg6 Rxh3 65.Kd2 Kxg4 66.Ke2 Kf4 
0-1

[Event "POL-chT3"]
[Site "Jastrzebia Gora POL"]
[Date "2016.09.07"]
[Round "5.96"]
[White "Gorczyca, Aleksandra"]
[Black "Wilk, Oktawia"]
[Result "1/2-1/2"]
[WhiteElo "2106"]
[BlackElo "1704"]
[EventDate "2016.09.02"]

1.d4 e6 2.Nf3 d5 3.Bf4 c5 4.c3 Nc6 5.e3 cxd4 6.exd4 Bd6 7.Bg3 Nge7 8.Bd3 
Ng6 9.O-O Nf4 10.Bxf4 Bxf4 11.Nbd2 Qc7 12.Re1 O-O 13.g3 Bh6 14.Ne5 Nxe5 
15.dxe5 f6 16.Nf3 fxe5 17.Nxe5 g6 18.Qc2 Bg7 19.f4 b6 20.Qe2 Qc5+ 21.Qe3 
Bxe5 22.Qxc5 bxc5 23.Rxe5 c4 24.Be2 Bd7 25.Rb1 Rfc8 26.Kf2 Kf7 27.Ke3 Rc5 
28.Kd2 Ra5 29.a3 Rb8 30.Bd1 Rxa3 31.Bg4 Ra2 32.Kc2 Rb6 33.h4 a5 34.Re2 a4 
35.Bf3 Rb3 36.Rd2 a3 37.Kc1 Rb6 38.Rh2 axb2+ 39.Rhxb2 Raxb2 40.Rxb2 Rxb2 
41.Kxb2 Kf6 42.h5 Bc8 43.hxg6 hxg6 44.Be2 e5 45.fxe5+ Kxe5 46.Bf3 Bf5 47.
Kc1 Be4 48.Bd1 Bd3 49.Bf3 g5 50.Kd2 1/2-1/2

[Event "POL-chT3"]
[Site "Jastrzebia Gora POL"]
[Date "2016.09.07"]
[Round "5.97"]
[White "Gierulski, Kamil"]
[Black "Maj, Pawel"]
[Result "1/2-1/2"]
[WhiteElo "2196"]
[BlackElo "2091"]
[EventDate "2016.09.02"]

1.e4 c5 2.Nf3 e6 3.d4 cxd4 4.Nxd4 Nc6 5.c4 Nf6 6.Nc3 Bb4 7.Nxc6 bxc6 8.Bd3
e5 9.O-O Bc5 10.Qc2 d6 11.Rb1 a5 12.a3 Rb8 13.Na4 Bd4 14.b4 O-O 15.Bd2 
axb4 16.axb4 Be6 17.Bc3 Bxc3 18.Qxc3 Qc7 19.Rfc1 Rfc8 20.Qe1 Ra8 21.Ra1 
Nd7 22.Qe3 Rcb8 23.Rcb1 Qa7 24.Qxa7 Rxa7 25.b5 c5 26.Nc3 Rxa1 27.Rxa1 Nb6 
28.Nd5 Bxd5 29.exd5 Ra8 30.Rxa8+ Nxa8 31.g3 Nb6 32.f3 g6 33.Kf2 Kg7 34.Ke3
f5 35.h4 Kf6 36.f4 h6 37.Kf2 g5 38.hxg5+ hxg5 39.Ke3 e4 40.Be2 g4 41.Bf1 
Ke7 42.Be2 Nd7 43.Bd1 Nb6 44.Be2 Kd8 45.Bf1 Kd7 46.Be2 Kc7 47.Bf1 Nd7 48.
Be2 Nf6 49.Bd1 Kb6 50.Be2 Ka5 51.Bd1 1/2-1/2